000
00335nam a22001457a 4500
008
240126b ||||| |||| 00| 0 eng d
020
_a
0395243424
041
_a
eng
080
_2
1976
_a
521
082
_a
521SHI
100
_a
19
101
_a
ASTRO
245
_a
BLACK HOLES QUASARS THE UNIVERSE
_c
HARRY.L,SHIPMAN
942
_2
udc
_c
BK
999
_c
60548
_d
60548